000 00647nam a22002177a 4500
005 20240708112309.0
010 _aENG-140796 ENG-140797 ENG-140798
020 _c350.00
_a9789355265982
035 _aEN-124328
035 _aEN-124329
035 _aEN-124330
037 _bDBAD
082 _a155.25
_21
100 _aPrasad, A. J.
_968200
245 _aThoughts of an Idled Mind/
_cA.J. Prasad
250 _a1
260 _aHyderabad
_bDr A J Prasad
_c2021
270 _aRoad No 10, Banjara Hills,
_bHyderabad, Telangana
_e500004
_mjp.aluru@gmail.com
300 _aii, 252p.
_c252cm(pb)
942 _2ddc
_cEN
_mPRA
_h155.25
_e1
999 _c203986
_d203986